• 首页
  • 本馆介绍
  • 公告通知
  • 最新文献
  • 馆藏检索
  • 电子资源
  • 读者导购
  • 参考咨询
  • 我的图书馆
  • 登录
  • 详细信息显示
  • 放入我的书架
  • 预约/预借图书
  • 作者相关作品
  • 分类相关作品
  • 丛书相关作品
  • 出版社相关作品

书目信息

  • 表格格式
  • 工作单格式
  • 卡片格式
题名:
高职教改课程教学设计案例集
    
 
作者: 戴士弘 , 毕蓉 选编
分册:  
出版信息: 北京   清华大学出版社  2007
页数: 13,358页
开本: 26cm
丛书名: 高职教改系列丛书
单 册:
中图分类: G718.5
科图分类:
主题词: 高等教育--职业教育--课程设计--案例 , 高等教育 , 职业教育 , 课程设计
电子资源:
ISBN: 978-7-302-16361-9
000 01082oam2 2200289 45
005 20100303143639.40
010    @a978-7-302-16361-9@dCNY40.00
100    @a20100121e20082007em y0chiy0110 ea
101 0  @achi
102    @aCN@b110000
105    @ay z 000yy
106    @ar
200 1  @a高职教改课程教学设计案例集@AGao Zhi Jiao Gai Ke Cheng Jiao Xue She Ji An Li Ji@f戴士弘,毕蓉选编@FDai Shi Hong, Bi Rong Xuan Bian
210    @a北京@c清华大学出版社@d2007@h2008
215    @a13,358页@d26cm
225 2  @a高职教改系列丛书
330    @a本书介绍了高职课程教改的现状和指导思想,以课程改革案例说明这些理念是如何体现在具体的各类课程中。本书分为“制造类”、“电子信息类”、“生化类”、“财经类”、“外语类”、“人文社科类”六大类课程,共27个案例。
461  0 @12001 @a高职教改系列丛书
606 0  @a高等教育@x职业教育@x课程设计@x案例
606 0  @a高等教育
606 0  @a职业教育
606 0  @a课程设计
690    @aG718.5@v4
701  0 @a戴士弘@ADai Shi Hong@4选编
701  0 @a毕蓉@ABi Rong@4选编
801  0 @aCN@bTANGWEI@c20100303
905    @b0584887-91@dG718.5@e21@f5
    
    高职教改课程教学设计案例集/戴士弘,毕蓉选编.-北京:清华大学出版社,2007(2008)
    13,358页;26cm.-(高职教改系列丛书)
    
    
    ISBN 978-7-302-16361-9:CNY40.00
    本书介绍了高职课程教改的现状和指导思想,以课程改革案例说明这些理念是如何体现在具体的各类课程中。本书分为“制造类”、“电子信息类”、“生化类”、“财经类”、“外语类”、“人文社科类”六大类课程,共27个案例。
●
相关链接 在E读中查询图书 在五车中查询图书 在当当中查询图书 在豆瓣中查询图书


正题名:高职教改课程教学设计案例集     索取号:G718.5/21         预约/预借

序号 登录号 条形码 馆藏地/架位号 状态 备注
1 0584887   205848877   第一样本阅览室/ [索取号:G718.5/21] 在馆    
2 0584888   205848886   第四借阅区/ [索取号:G718.5/21] 在馆    
3 0584889   205848895   教育系资料室/ [索取号:G718.5/21] 在馆    
4 0584890   205848902   第四借阅区/ [索取号:G718.5/21] 在馆    
5 0584891   205848911   第四借阅区/ [索取号:G718.5/21] 在馆    
唐山师范学院图书馆 欢迎您!
大连网信软件有限公司© 版权所有